Visualizzazione normale
Vista MARC
- Marco Buonocore
di Personal Name
Records bibliografici associati: 1
001 - CONTROL NUMBER
- control field: 34516
003 - CONTROL NUMBER IDENTIFIER
- control field: IT-RoPau
005 - DATE AND TIME OF LATEST TRANSACTION
- control field: 20150519223043.0
008 - FIXED-LENGTH DATA ELEMENTS
- fixed length control field: 150519|| aca||aabn | a|a d
040 ## - CATALOGING SOURCE
- Original cataloging agency: IT-RoPau
- Transcribing agency: IT-RoPau
100 ## - HEADING--PERSONAL NAME
- Personal name: Marco Buonocore
670 ## - SOURCE DATA FOUND
- Source citation: Work cat.: (IT-RoPau)12464: Marco Buonocore, Bibliografia dei fondi manoscritti della biblioteca Vaticana 1968-1980